000 00430nam a2200181Ia 4500
005 20240823054856.0
008 240823s9999||||xx |||||||||||||| ||und||
041 _aENGLISH
082 _A823.92 Q2
100 _aRahul Bhattacharya
245 4 _aThe Sly Company of People who Care
250 _a1st
260 _c2012
_b"Penguin Books,New "
500 _aYES
650 _aEnglish
_bEnglish
942 _cBK
999 _c227483
_d227483